00510nam a2200193 a 4500001001300000003000900013005001700022008004100039020001000080082001600090100002500106245003100131260003800162300000800200500003500208505002000243650002800263700002500291nice12345678IN_TiNIC20260116011507.0050524s0000 laha grp 000 0 urd  ac10000a297.8bPAR3 aParwez, Ghulam Ahmed aFirqe Kaise Mit Sakte Hain aLahorebTuloo-E-Islam Pressc0000 a32p aincludes index and biblioraphy2 aEpilogue, Notes aIslam-Movements-barelvi1 aParwez, Ghulam Ahmed